El movimiento estudiantil en la UNAM: la consumación de la crisis del movimiento cogobiernista : 1973-1974 (Record no. 73065)
[ view plain ]
| 000 -CABECERA | |
|---|---|
| campo de control de longitud fija | 00735nam a2200229 a 4500 |
| 005 - FECHA Y HORA DE LA ÚLTIMA TRANSACCIÓN | |
| campo de control | 20210223123952.0 |
| 008 - ELEMENTOS DE LONGITUD FIJA--INFORMACIÓN GENERAL | |
| campo de control de longitud fija | 991125n 000 0 spa u |
| 035 ## - NÚMERO DE CONTROL DEL SISTEMA | |
| Número de control de sistema | UPN01000088533 |
| 100 1# - ASIENTO PRINCIPAL--NOMBRE PERSONAL | |
| Nombre de persona | Alvarez Mendiola, Germán |
| 9 (RLIN) | 30737 |
| 222 ## - TÍTULO CLAVE | |
| Título clave | FORO UNIVERSITARIO |
| 245 ## - MENCIÓN DE TÍTULO | |
| Título | El movimiento estudiantil en la UNAM: la consumación de la crisis del movimiento cogobiernista : 1973-1974 |
| 300 ## - DESCRIPCIÓN FÍSICA | |
| Extensión | 59-68 |
| 362 0# - FECHAS DE PUBLICACIÓN Y/O DESIGNACIÓN SECUENCIAL | |
| Fecha de publicación y/o designación secuencial | 1986 Año 6, no. 65, abr. |
| 653 0# - TERMINO DE INDIZACION - NO CONTROLADO | |
| Término no controlado | UNIVERSIDAD NACIONAL DE INGENIERIA (NICARAGUA) |
| 653 0# - TERMINO DE INDIZACION - NO CONTROLADO | |
| Término no controlado | GONZALEZ CASANOVA, PABLO, 1922- |
| 653 0# - TERMINO DE INDIZACION - NO CONTROLADO | |
| Término no controlado | MOVIMIENTO ESTUDIANTIL |
| 653 0# - TERMINO DE INDIZACION - NO CONTROLADO | |
| Término no controlado | POLITICA EDUCATIVA |
| 653 0# - TERMINO DE INDIZACION - NO CONTROLADO | |
| Término no controlado | CRISIS UNIVERSITARIA |
| 653 0# - TERMINO DE INDIZACION - NO CONTROLADO | |
| Término no controlado | UNAM |
| 904 ## - ELEMENTOS DE DATOS D LOCAL, LDD (RLIN) | |
| a | AC |
| b | 026344 |
| 905 ## - TIPO DE MATERIAL | |
| Tipo de material | Articulo |
No items available.
